Statistics for London VS Tokyo VS New York

Click here to take the quiz!

General Stats

  • This quiz has been taken 21 times
  • The average score is 3 of 7

Answer Stats

QuestionAnswer% Correct
Which has the largest population?Tokyo
95%
Which has been visited most in 2022?London
50%
Which has the highest GDP per capita?New York
40%
Which has the highest crime index of 2022London
25%
Which has the highest GDP?Tokyo
25%
Which is the largest city by area?New York
15%
Which is more densely populated?London
10%

Score Distribution

Percentile by Number Answered

Percent of People with Each Score

Your Score History

You have not taken this quiz